000 00540cam a22001697a 4500
008 180718b2015 xxu||||| |||| 00| 0 eng d
020 _a9788184007589
082 _aDx547 Sm15
100 _aSmall, Andrew
245 _aThe China Pakistan axis : Asia's new geopolitics
_cby Andrew Small
260 _aGurgaon
_bRandom House
_c2015
300 _a347p.
650 _aPakistan -- Strategic aspects
650 _aPakistan -- Foreign relations -- China
650 _aChina -- Foreign relations -- Pakistan
650 _aGeopolitics -- Pakistan
999 _c445022
_d445022